000 00307nam a22001217a 4500
020 _a9789380026145
082 _a620.001
_bCHO/IN
100 _aChoudary, R.B
245 _aIntroduction to ANSYS 10.0
260 _aNew Delhi
_bI.K International Publishing House Pvt. Ltd.
_c2011
300 _a120
942 _cBK
999 _c13647
_d13647